Sports Quiz

Random Sports or MLB Quiz

Phoenix All-Stars (Since 2000) Quiz Stats

 Plays Quiz not verified by Sporcle

Challenge
Share
Tweet
Embed
Score 0/128 Timer 06:00
0 Plays Today
Year Player % Correct
SunsSteve Nash
92.5%
SunsSteve Nash
92.5%
SunsSteve Nash
92.5%
SunsSteve Nash
92.5%
SunsSteve Nash
92.5%
SunsSteve Nash
92.5%
Cardinals Larry Fitzgerald
89.6%
Cardinals Larry Fitzgerald
89.6%
CardinalsLarry Fitzgerald
89.6%
CardinalsLarry Fitzgerald
89.6%
CardinalsLarry Fitzgerald
89.6%
Cardinals Larry Fitzgerald
89.6%
Cardinals Larry Fitzgerald
89.5%
CardinalsDavid Johnson
89.2%
CardinalsLarry Fitzgerald
88.3%
CardinalsLarry Fitzgerald
87.5%
Cardinals Larry Fitzgerald
87%
CardinalsLarry Fitzgerald
86.7%
DiamondbacksRandy Johnson
86.1%
DiamondbacksRandy Johnson
86.1%
DiamondbacksRandy Johnson
86.1%
DiamondbacksRandy Johnson
86.1%
SunsAmar'e Stoudemire
84.8%
SunsAmar'e Stoudemire
84.8%
SunsAmar'e Stoudemire
84.8%
SunsAmar'e Stoudemire
84.8%
SunsAmar'e Stoudemire
84.7%
CardinalsCarson Palmer
81.2%
SunsShawn Marion
75.2%
SunsShawn Marion
75.2%
SunsShawn Marion
75.2%
SunsShawn Marion
75.2%
CardinalsPatrick Peterson
74.3%
CardinalsKurt Warner
74.2%
CardinalsPatrick Peterson
73.3%
Cardinals Patrick Peterson
72.8%
CardinalsPatrick Peterson
72.5%
Cardinals Patrick Peterson
68.8%
Cardinals Patrick Peterson
68.8%
CardinalsPatrick Peterson
68.8%
CardinalsAnquan Boldin
68.6%
Cardinals Anquan Boldin
68.6%
Cardinals Anquan Boldin
68.6%
Year Player % Correct
Diamondbacks Paul Goldschmidt
68%
Diamondbacks Paul Goldschmidt
67.6%
Diamondbacks Paul Goldschmidt
66.9%
DiamondbacksCurt Schilling
64.2%
DiamondbacksCurt Schilling
64.2%
Diamondbacks Paul Goldschmidt
63.3%
DiamondbacksLuis Gonzalez
62.9%
DiamondbacksLuis Gonzalez
62.9%
DiamondbacksLuis Gonzalez
62.9%
DiamondbacksLuis Gonzalez
62.8%
Diamondbacks Paul Goldschmidt
62.6%
SunsShaquille O'Neal
60.5%
Diamondbacks Paul Goldschmidt
60.3%
SunsJason Kidd
58.6%
Diamondbacks Zack Greinke
57.2%
DiamondbacksBrandon Webb
54.4%
DiamondbacksBrandon Webb
54.4%
DiamondbacksBrandon Webb
54.4%
SunsJason Kidd
54.1%
CardinalsTyrann Mathieu
52.4%
Diamondbacks Zack Greinke
52.1%
Diamondbacks Justin Upton
51.1%
Diamondbacks Justin Upton
51.1%
CardinalsChandler Jones
50.6%
CoyotesMike Smith
46.4%
SunsStephon Marbury
45.3%
Cardinals Adrian Wilson
41.9%
CardinalsAdrian Wilson
41.8%
CardinalsAdrian Wilson
41.8%
CardinalsAdrian Wilson
41.8%
Cardinals Adrian Wilson
41.8%
Diamondbacks Miguel Montero
41.1%
CardinalsCalais Campbell
40.7%
Cardinals Calais Campbell
39.3%
Diamondbacks Miguel Montero
38.4%
Diamondbacks Jake Lamb
37.9%
Cardinals Aeneas Williams
36.3%
CardinalsDarnell Dockett
34.8%
CardinalsDarnell Dockett
34.7%
Cardinals Darnell Dockett
34.7%
Diamondbacks A.J. Pollock
32.7%
CoyotesShane Doan
32%
CoyotesShane Doan
32%
Year Player % Correct
Diamondbacks Chris Young
31.1%
Cardinals David Boston
30.3%
DiamondbacksDan Haren
30.1%
Diamondbacks Dan Haren
30.1%
Diamondbacks Robbie Ray
28.9%
Cardinals Antonio Cromartie
28.2%
DiamondbacksSteve Finley
26.9%
CardinalsMike Iupati
25.2%
Diamondbacks Patrick Corbin
24.7%
Diamondbacks Patrick Corbin
21.5%
Cardinals Neil Rackers
21.3%
CardinalsDominique Rodgers-Cromartie
21.3%
DiamondbacksByung-Hyun Kim
21.2%
DiamondbacksOrlando Hudson
20.9%
DiamondbacksDamian Miller
20%
Cardinals Daryl Washington
19.8%
CoyotesKeith Yandle
19.1%
CoyotesKeith Yandle
19%
CardinalsAntrel Rolle
17.4%
CoyotesOliver Ekman-Larsson
16.7%
Diamondbacks Wade Miley
16.3%
DiamondbacksJose Valverde
16.1%
CoyotesOliver Ekman-Larsson
16.1%
CoyotesJeremy Roenick
14.1%
CardinalsBudda Baker
12.8%
Cardinals John Abraham
11.8%
DiamondbacksJunior Spivey
11.4%
CardinalsJustin Bethel
11.3%
CoyotesSean Burke
10.5%
CoyotesSean Burke
10.5%
Cardinals Bertrand Berry
9.4%
Cardinals Justin Bethel
9.3%
CoyotesEd Jovanovski
8.4%
CoyotesEd Jovanovski
8.4%
Cardinals Justin Bethel
6.8%
Cardinals Simeon Rice
6.8%
CoyotesTeppo Numminen
6.7%
CoyotesTeppo Numminen
6.6%
Cardinals Scott Player
6.4%
CoyotesJohn Scott
5.5%
Cardinals Sean Morey
3%
CoyotesYanic Perreault
1.8%

You're not logged in!

Compare scores with friends on all Sporcle quizzes.
Join for Free
OR
Log In

You Might Also Like...

Show Comments

Extras

Top Quizzes Today


Score Distribution

Your Account Isn't Verified!

In order to create a playlist on Sporcle, you need to verify the email address you used during registration. Go to your Sporcle Settings to finish the process.

Report this User

Report this user for behavior that violates our Community Guidelines.

Details: